000 00610cam a2200217ua 4500
001 11318
005 20260515114734.0
008 190912n ii |||gr||||Z||||||eng
020 _a9788172736323
040 _cMAIN
041 _aeng
082 _a361.3
100 _aIlango Ponnuswami,
_eEditor.
245 _aProfessional social work :
_bresearch perspectives /
_cEdited by Ilango Ponnuswami .
250 _a1st ed.
260 _aNew Delhi:
_bAuthorspress,
_c2012.
300 _a284p.
653 _aSocial problems & social welfare in general
700 _aAbraham P Francis,
_eEditor.
942 _cBK
999 _c10158
_d10158